Cạn chén tình

Đã lưu trong:
书目详细资料
主要作者: Mường Mán
格式: 图书
语言:Undetermined
出版: Tp.HCM Trẻ 2003
主题:
标签: 添加标签
没有标签, 成为第一个标记此记录!
Thư viện lưu trữ: Trung tâm Học liệu Trường Đại học Cần Thơ
LEADER 00538nam a2200205Ia 4500
001 CTU_58343
008 210402s9999 xx 000 0 und d
020 |b 65000 
082 |a 895.922301 
082 |b M561 
100 |a Mường Mán 
245 0 |a Cạn chén tình 
245 0 |c Mường Mán 
260 |a Tp.HCM 
260 |b Trẻ 
260 |c 2003 
650 |a vietnamese literature,short stories, vietnamese 
650 |x 20th century 
904 |i Minh 
980 |a Trung tâm Học liệu Trường Đại học Cần Thơ